| 000 | 00653nam a2200229 4500 | ||
|---|---|---|---|
| 003 | OSt | ||
| 005 | 20260601193844.0 | ||
| 008 | 260420b1978 mx |||| |||| 00| 0 spa d | ||
| 020 | _a9684080034 | ||
| 040 |
_aICI _bspa _cICI |
||
| 050 |
_aTS171 _bB644 |
||
| 100 | 1 |
_aBonsiepe, Gui _d1934 |
|
| 245 | 1 |
_aDiseño Industrial _bTecnologia y dependencia _cGui bonsiere |
|
| 264 |
_bEdicol _c1978 _aMéxico |
||
| 300 |
_a220 páginas _c21.0 cm |
||
| 336 |
_atexto _2rdacontent |
||
| 337 |
_asin medio _2rdamedia |
||
| 338 |
_avolumen _2rdacarrier |
||
| 490 | _aColección Diseño, ruptura y alternativas | ||
| 650 | _aDiseño industrial | ||
| 942 |
_2lcc _cB _n1 |
||
| 999 |
_c21540 _d21540 |
||